Matematické obzory. Zväzok 5 /
Saved in:
| Corporate Author: | |
|---|---|
| Format: | Book |
| Language: | Slovak |
| Published: |
Bratislava :
ALFA - vydavateľstvo technickej a ekonomickej literatúry,
1974
|
| Edition: | 1. vyd. |
| Subjects: | |
| Online Access: |
|
| Tags: |
Add Tag
No Tags, Be the first to tag this record!
|
MARC
| LEADER | 00000nam a22000007a 4500 | ||
|---|---|---|---|
| 005 | 20250213093324.0 | ||
| 008 | 240812s1974 cs a|||f ||p| 00| 0 slo d | ||
| 020 | |q (brož.) | ||
| 040 | |a CVT |b slo |c CVT |d CVT |e AACR2 | ||
| 041 | 0 | |a slo | |
| 044 | |a cs |c CS | ||
| 072 | 7 | |2 CVT |a 51 | |
| 080 | 1 | |a 51(082) |2 2011 | |
| 110 | 2 | |a Jednota slovenských matematikov a fyzikov pri SAV (Bratislava, Československo) |4 org | |
| 245 | 1 | 0 | |a Matematické obzory. |c JSMF ; zodpovedný redaktor: Michal Greguš |n Zväzok 5 / |
| 246 | 3 | 3 | |a Matematické obzory 5/1974 |
| 250 | |a 1. vyd. | ||
| 260 | |a Bratislava : |b ALFA - vydavateľstvo technickej a ekonomickej literatúry, |c 1974 | ||
| 300 | |a 66 s. : |b lit., obr. ; |c 21 cm | ||
| 366 | |e 2560 ks | ||
| 504 | |a Literatúra ; poznámky ; cvičenia a riešenia | ||
| 653 | |a matematika | ||
| 700 | 1 | T | |a Greguš, Michal, |d 1951- |4 lso |
| 910 | |b A317011 | ||
| 959 | |a 08 | ||
| 974 | |a Katarína Repatá |b Katarína Repatá | ||
| 992 | |a AMG |a AUV |a ACV |a AZN | ||
| 999 | |c 302635 |d 302635 | ||